000 00224nam a2200121Ia 4500
100 _a#N/A
942 _cBK
654 _aelectromagnetics
245 _aElectromagnetics
260 _b#N/A
546 _aENGLISH
999 _c29703
_d29703